000 00547ntaaa2200205 4500
003 01
005 20251027202108.0
008 0714s1973 ag 01
040 _aAR-BaBN
_bspa
_cAR-BaBN
_eaacr
_dRIC
082 _a252.0100 F52
100 _aFischbach, Julius
245 _aStory sermons for boys and girls
250 _a1 ed.
260 _aNew York :
_bAbingdon,
_cc1947
300 _a192 p
500 _aFifty-two story-like sermons that strengthen growing character
650 _asermones-niños
650 _aniños-sermones
942 _cBK
999 _c15792
_d15792